000 00417nam a2200157Ia 4500
003 OSt
005 20230529104001.0
008 211028s2015 xx 000 0 und d
040 _cAIMIT LIBRARY
041 _aeng
100 _aRodrigues, Austin Peter; Rajamani, Kavitha.
_98558
_e131902
110 _aKavitha Rajamani
_98559
245 _aBe you social networking.
260 _aMangalore
_c2015
942 _2ddc
_cPRO
999 _c219948
_d219948